[Event "Pardubice Czech op-B 29th"]
[Site "Pardubice"]
[Date "2018.07.21"]
[Round "2"]
[White "Beranek, Ondrej"]
[Black "Kutzner, Joachim"]
[Result "0-1"]
[WhiteElo "1832"]
[BlackElo "2034"]
[PlyCount "92"]
[EventDate "2018.07.20"]
[EventType "swiss"]
[EventRounds "9"]
[EventCountry "CZE"]
[SourceTitle "CBM 186 Extra"]
[Source "ChessBase"]
[SourceDate "2018.08.24"]
[SourceVersion "1"]
[SourceVersionDate "2018.08.24"]
[SourceQuality "1"]

1. e4 e6 2. d4 d5 3. Nd2 Be7 4. c3 Nf6 5. e5 Nfd7 6. Bd3 c5 7. Ne2 b6 8. 0-0 Ba6 9. Nf3 Bxd3 10. Qxd3 Nc6 11. Bf4 0-0 12. Bg3 Rc8 13. a3 Na5 14. Nf4 Qc7 15. dxc5 Nxc5 16. Qe2 Ncb3 17. Rad1 Qc4 18. Rfe1 Bc5 19. Nd3 Rfd8 20. Nxc5 Qxe2 21. Rxe2 bxc5 22. Bh4 Rd7 23. h3 h6 24. Ne1 c4 25. Nc2 Nc5 26. f3 Nc6 27. Nb4 a5 28. Nxc6 Rxc6 29. Rd4 Nd3 30. b4 axb4 31. axb4 Ra7 32. Rc2 Ra1+ 33. Kh2 Nxe5 34. Bd8 Rc8 35. Bb6 Nd3 36. Rg4 f5 37. Rd4 g5 38. h4 Kf7 39. h5 Ke7 40. Rd2 Rca8 41. R4xd3 cxd3 42. Rxd3 Rc1 43. b5 Raa1 44. Bc5+ Kd7 45. Bd4 Rh1+ 46. Kg3 f4+ 0-1

[Event "CZE-ch Juniors op-A"]
[Site "Sec u Chrudimi"]
[Date "2008.03.13"]
[Round "7"]
[White "Beranek, Ondrej"]
[Black "Havlik, Jindrich"]
[Result "0-1"]
[WhiteElo "1898"]
[BlackElo "2092"]
[PlyCount "78"]
[EventDate "2008.03.08"]
[EventType "swiss"]
[EventRounds "9"]
[EventCountry "CZE"]
[SourceTitle "EXT 2009"]
[Source "ChessBase"]
[SourceDate "2008.11.26"]
[SourceVersion "1"]
[SourceVersionDate "2008.11.26"]
[SourceQuality "1"]

1. e4 e6 2. d4 d5 3. e5 c5 4. c3 Qb6 5. Nf3 Bd7 6. a3 Bb5 7. Bd3 Nc6 8. b4 cxd4 9. Bxb5 Qxb5 10. cxd4 a5 11. bxa5 Nxa5 12. Nbd2 Ne7 13. Rb1 Qa6 14. Qa4+ Nec6 15. Qb5 Qxb5 16. Rxb5 Ra6 17. 0-0 Na7 18. Rb1 b5 19. Re1 Be7 20. Re3 0-0 21. Rc3 Nc4 22. Nxc4 bxc4 23. Rb7 Nc6 24. h4 h6 25. g4 Rfa8 26. g5 Bxa3 27. Rxa3 Rxa3 28. Kg2 Rxf3 29. Kxf3 Nxd4+ 30. Kg4 Ne2 31. Be3 d4 32. Rb2 dxe3 33. Rxe2 exf2 34. Rxf2 hxg5 35. hxg5 c3 36. Kh5 Ra5 37. Rc2 Rxe5 38. Rxc3 f6 39. Rc8+ Kh7 0-1

[Event "CZE-ch Juniors op-A"]
[Site "Sec u Chrudimi"]
[Date "2008.03.11"]
[Round "5"]
[White "Beranek, Ondrej"]
[Black "Safarik, Jakub"]
[Result "1/2-1/2"]
[WhiteElo "1898"]
[BlackElo "1765"]
[PlyCount "60"]
[EventDate "2008.03.08"]
[EventType "swiss"]
[EventRounds "9"]
[EventCountry "CZE"]
[SourceTitle "EXT 2009"]
[Source "ChessBase"]
[SourceDate "2008.11.26"]
[SourceVersion "1"]
[SourceVersionDate "2008.11.26"]
[SourceQuality "1"]

1. e4 c5 2. Nf3 Nc6 3. d4 cxd4 4. Nxd4 Nf6 5. Nc3 e5 6. Ndb5 d6 7. Bg5 a6 8. Na3 b5 9. Nd5 Be7 10. Bxf6 Bxf6 11. c3 Bg5 12. Nc2 0-0 13. Bd3 f5 14. exf5 Bxf5 15. Bxf5 Rxf5 16. 0-0 Kh8 17. Nce3 Rf8 18. a4 b4 19. Nxb4 Nxb4 20. cxb4 Bxe3 21. fxe3 Qb6 22. Rxf8+ Rxf8 23. Qd2 Rf4 24. Rf1 h6 25. Rxf4 exf4 26. Qd4 Qc6 27. exf4 Qxa4 28. h3 a5 29. Qxd6 axb4 30. Kh2 Qb3 1/2-1/2